A mindenség értelme
Elmentve itt :
| Szerző: | |
|---|---|
| Adatforrás: | Meister |
| Forrásdokumentuma: | Korunk. - 12 sz., 1993, 4-6 p. |
| Nyelv: | magyar |
| Kulcsszavak: | filozófia |
| LEADER | 00300nab a2200121 i 4500 | ||
|---|---|---|---|
| 001 | bibPRO00002646 | ||
| 008 | 060524s1993 xx hun | ||
| 040 | |a Sz1 | ||
| 041 | |a hun | ||
| 100 | 1 | |a WEIL Simone | |
| 245 | 1 | 2 | |a A mindenség értelme |c WEIL Simone |
| 695 | |a filozófia | ||
| 773 | 0 | |t Korunk. - |g 12 sz., 1993, 4-6 p. | |